| 000 | 00530nam a2200205Ia 4500 | ||
|---|---|---|---|
| 003 | GCL | ||
| 008 | 140319s9999 xx 000 0 eng d | ||
| 040 |
_aGCL / _cGCL |
||
| 082 | 0 | 4 |
_aCC _b932 _bK A |
| 100 | 1 | _aKOZLOFF, ARIELLE | |
| 245 | 1 | 0 |
_aA MENOPHIS III: LE PHARON SOLEIL / _cKOZLOFF, ARIELLE |
| 700 | 1 | _aBRYAN, BESTY M | |
| 700 | 1 | _aBERMAN, LAWARENCE | |
| 300 | _a411 P | ||
| 650 | 0 | 4 | _aANCIENT EGYPT - HISTORY |
| 650 | 0 | 4 | _aEGYPTOLOGY |
| 650 | 0 | 4 | _aAMENOPHIS IV |
| 650 | 0 | 4 | _aPHARONIC - CIVLIZATION |
| 942 |
_2ddc _cBK |
||
| 999 |
_c15425 _d15425 |
||